On This Day: October 3rd II Quiz Stats

 Plays Quiz Updated Oct 3, 2018

Score 0/7 Timer 03:00
0 Plays Today
Question Answer Wrong Answers
Sharing its name with a fictional island, this Space Shuttle makes its maiden flight.
1985
Atlantis
92.8%
Aztlán
0.4%
Asgard
1.1%
Avalon
4.4%
This American author is found delirious in a gutter in Baltimore under mysterious circumstances. He dies four days later.
1849
Edgar Allan Poe
89%
H.P. Lovecraft
5.5%
Arthur Conan Doyle
3%
Jules Verne
2.5%
This American singer-songwriter, a co-founder and lead vocalist for the band No Doubt, is born.
1969
Gwen Stefani
80.9%
P!nk
6.1%
Christina Aguilera
5.1%
Fergie Duhamel
6.7%
Following the defeat of ______ during World War I, King Boris III accedes to the throne upon the abdication of his father.
1918
Bulgaria
68.4%
Italy
10.4%
Portugal
4.5%
Belgium
16.4%
The Second Italo-Abyssinian War begins when Italy invades ______ under General De Bono.
1935
Ethiopia
60.9%
Kenya
3.5%
Egypt
15.2%
Libya
19.4%
Iraq gains independence from this nation.
1932
United Kingdom
50.8%
France
12.1%
Iran
20.9%
Saudi Arabia
15.7%
The presidents of Azerbaijan, Kazakhstan, Kyrgyzstan, and Turkey sign an agreement in Nakhchivan to establish the ______ Council.
2009
Turkic
41.1%
Soviet
3.9%
Slavic
16.6%
Kurdish
37%

You're not logged in!

Compare scores with friends on all Sporcle quizzes.
OR
Log In

Sporcle TV

Today on Sporcle TV


Watch our educational content, quiz creation guides, and fun videos on Sporcle TV.

Show Comments

Extras

Top Quizzes Today


Score Distribution

Your Account Isn't Verified!

In order to create a playlist on Sporcle, you need to verify the email address you used during registration. Go to your Sporcle Settings to finish the process.

Report this User

Report this user for behavior that violates our Community Guidelines.

Details: